Every City in Albania over 10,000 people - Statistics

General Stats
  • This quiz has been taken 29 times
  • The average score is 10 of 22
Answer Stats
Population City % Correct
389,323 Tirana
100%
101,728 Durrës
87%
61,633 Shkodër
87%
66,320 Vlorë
87%
16,569 Gjirokastër
67%
16,400 Sarandë
67%
66,834 Elbasan
60%
52,926 Fier
60%
14,687 Lezhë
60%
40,665 Berat
47%
15,643 Kukës
47%
43,254 Korçë
40%
22,400 Lushnjë
40%
61,739 Kamëz
33%
17,371 Pogradec
33%
15,827 Kavajë
27%
12,854 Laç
27%
34,398 Paskuqan
27%
14,710 Peshkopi
20%
12,629 Kuçovë
13%
36,266 Farkë
7%
89,395 Kashar
7%
No matching quizzes found
Score Distribution
Percent of People with Each Score
Percentile by Number Answered
Your Score History
You have not taken this quiz